Statistics for Most Viewed Cantonese Songs on YouTube 十大粵語歌

Click here to take the quiz!

General Stats

  • This quiz has been taken 87 times
    (23 since last reset)
  • The average score is 7 of 10

Answer Stats

RankViews (Million)TitleArtist% Correct
1124.4海闊天空Beyond
100%
299.0喜歡你G.E.M. 鄧紫棋
81%
725.1記憶棉MC 張天賦
81%
924.2Dear My Friend,姜濤
76%
431.6不許你注定一人Dear Jane
67%
530.2哪裡只得我共你Dear Jane
67%
825.0到此為止Dear Jane
67%
628.2高山低谷林奕匡
62%
1024.1越難越愛吳若希
62%
342.8春嬌與志明街道辦、歐陽耀瑩
24%

Score Distribution

Percentile by Number Answered

Percent of People with Each Score

Your Score History

You have not taken this quiz since the last reset